| Tag |
First Indicator |
Second Indicator |
Subfields |
| LEADER |
00000cam a2200000 a 4500 |
| 001 |
in00002741813 |
| 005 |
20151202152428.0 |
| 008 |
110927s2011 dcua b 100 0 eng c |
| 016 |
7 |
|
|a 016033086
|2 Uk
|
| 020 |
|
|
|a 0309217903
|
| 020 |
|
|
|a 9780309217903
|
| 029 |
1 |
|
|a AU@
|b 000048426321
|
| 035 |
|
|
|a (OCoLC)ocn754846760
|
| 035 |
|
|
|a (OCoLC)754846760
|
| 040 |
|
|
|a NRZ
|c NRZ
|d NIE
|d NTD
|d UPM
|d YDXCP
|d BWX
|d UKMGB
|d CDX
|d UtOrBLW
|
| 042 |
|
|
|a pcc
|
| 043 |
|
|
|a n-us---
|
| 049 |
|
|
|a TXAM
|
| 050 |
|
4 |
|a LA217.2
|b .A797 2011
|
| 082 |
0 |
4 |
|a 370.973
|2 23
|
| 245 |
0 |
0 |
|a Assessing 21st century skills :
|b summary of a workshop /
|c Judith Anderson Koenig, rapporteur ; Committee on the Assessment of 21st Century Skills ; Board on Testing and Assessment, Division of Behavioral and Social Sciences and Education, National Research Council of the National Academies.
|
| 246 |
3 |
|
|a Assessing twenty-first century skills
|
| 264 |
|
1 |
|a Washington, D.C. :
|b National Academies Press,
|c [2011]
|
| 264 |
|
4 |
|c ©2011
|
| 300 |
|
|
|a xi, 142 pages :
|b illustrations ;
|c 23 cm.
|
| 336 |
|
|
|a text
|b txt
|2 rdacontent
|
| 337 |
|
|
|a unmediated
|b n
|2 rdamedia
|
| 338 |
|
|
|a volume
|b nc
|2 rdacarrier
|
| 520 |
|
|
|a "The routine jobs of yesterday are being replaced by technology and/or shipped off-shore. In their place, job categories that require knowledge management, abstract reasoning, and personal services seem to be growing. The modern workplace requires workers to have broad cognitive and affective skills. Often referred to as "21st century skills," these skills include being able to solve complex problems, to think critically about tasks, to effectively communicate with people from a variety of different cultures and using a variety of different techniques, to work in collaboration with others, to adapt to rapidly changing environments and conditions for performing tasks, to effectively manage one's work, and to acquire new skills and information on one's own. The National Research Council (NRC) has convened two prior workshops on the topic of 21st century skills. The first, held in 2007, was designed to examine research on the skills required for the 21st century workplace and the extent to which they are meaningfully different from earlier eras and require corresponding changes in educational experiences. The second workshop, held in 2009, was designed to explore demand for these types of skills, consider intersections between science education reform goals and 21st century skills, examine models of high-quality science instruction that may develop the skills, and consider science teacher readiness for 21st century skills. The third workshop was intended to delve more deeply into the topic of assessment. The goal for this workshop was to capitalize on the prior efforts and explore strategies for assessing the five skills identified earlier. The Committee on the Assessment of 21st Century Skills was asked to organize a workshop that reviewed the assessments and related research for each of the five skills identified at the previous workshops, with special attention to recent developments in technology-enabled assessment of critical thinking and problem-solving skills. In designing the workshop, the committee collapsed the five skills into three broad clusters as shown below: Cognitive skills: nonroutine problem solving, critical thinking, systems thinking Interpersonal skills: complex communication, social skills, team-work, cultural sensitivity, dealing with diversity Intrapersonal skills: self-management, time management, self-development, self-regulation, adaptability, executive functioning. Assessing 21st century skills provides an integrated summary of the presentations and discussions from both parts of the third workshop."--Publisher's description.
|
| 504 |
|
|
|a Includes bibliographical references (pages 119-126).
|
| 530 |
|
|
|a Also available in Open Book format via the National Academies Press home page.
|
| 650 |
|
0 |
|a Education
|z United States
|y 21st century
|v Congresses.
|
| 650 |
|
0 |
|a Interpersonal communication
|y 21st century
|v Congresses.
|
| 650 |
|
0 |
|a Interpersonal relations
|y 21st century
|v Congresses.
|
| 650 |
|
0 |
|a Twenty-first century
|x Forecasting.
|
| 700 |
1 |
|
|a Koenig, Judith A.
|
| 710 |
2 |
|
|a National Research Council (U.S.).
|b Committee on the Assessment of 21st Century Skills.
|
| 710 |
2 |
|
|a National Research Council (U.S.).
|b Center for Education.
|b Board on Testing and Assessment.
|
| 856 |
4 |
1 |
|u http://www.nap.edu/catalog.php?record_id=13215
|t 0
|
| 938 |
|
|
|a YBP Library Services
|b YANK
|n 7137196
|
| 938 |
|
|
|a Blackwell Book Service
|b BBUS
|n 7137196
|
| 938 |
|
|
|a Coutts Information Services
|b COUT
|n 19074356
|
| 947 |
|
|
|a A14840565005
|
| 945 |
|
|
|a PromptCat
|b 831031
|
| 946 |
|
|
|a stk
|
| 994 |
|
|
|a 92
|b TXA
|
| 948 |
|
|
|a Cataloged
|b h
|c 2012/4/11
|d c
|e rsmith
|
| 999 |
|
|
|a MARS
|
| 999 |
f |
f |
|s 234e5be5-e65a-3176-8150-a559c9aa204b
|i e25f7234-6431-3294-9eda-0365a693fe3b
|t 0
|
| 952 |
f |
f |
|p normal
|a Texas A&M University
|b College Station
|c Sterling C. Evans Library
|d Evans: Library Stacks
|t 0
|e LA217.2 .A797 2011
|h Library of Congress classification
|i unmediated -- volume
|m A14840565005
|
| 998 |
f |
f |
|a LA217.2 .A797 2011
|t 0
|l Evans: Library Stacks
|